| 000 | 00731nab a2200193Ia 4500 | ||
|---|---|---|---|
| 003 | ES-SlBCS | ||
| 005 | 20210601142338.0 | ||
| 008 | 140529s2010 xxu||||| |||| 00| 0 spa d | ||
| 041 | _aspa | ||
| 100 | 1 |
_aTeles, Luciana _9268627 |
|
| 245 | 0 | 0 |
_aDesarrollo de liderazgo y aprendizaje organizacional _c Luciana Teles, Dalila Alves Correa, Antonio Carlos Giuliani, Graziela Oste Graziano, Valeria Elias Rueda Spers |
| 650 | 0 | 4 |
_aDesarrollo Gerencial _9268628 |
| 700 | 1 |
_aAlves Correa, Dalila _9268629 |
|
| 700 | 1 |
_aGiuliani, Antonio Carlos _9268559 |
|
| 700 | 1 |
_aOste Graziano, Graziela _9268630 |
|
| 700 | 1 |
_aRueda Spers, Valeria Elias _9268631 |
|
| 773 | 0 |
_tInvenio _gvol. 13, nº. 24, 2010, págs. 101-118 _wRev1649 |
|
| 942 | _cAR | ||
| 999 |
_c675507 _d675507 |
||